000 01348cam a2200397 i 4500
999 _c2198
_d2198
001 18069897
003 OSt
005 20251127020003.0
008 140317t20121994enka b 000 0 eng
010 _a 2013498170
020 _a9780198392224 (softcover)
040 _aDLC
_beng
_cKABLIB
_dKABLIB
050 0 0 _aPR2819.A2
_bG55 2012
082 0 0 _a822.3/
_223
_bSHA
100 1 _aShakespeare, William,
_d1564-1616.
_95348
245 1 0 _aKing Lear /
_cWilliam Shakespeare ; edited by Roma Gill, OBE, M.A. Cantab., B. Litt. Oxon.
250 _aNew edition.
264 1 _aOxford ;
_aNew York :
_bOxford University Press,
_c2012.
264 4 _c©1994
300 _axliv, 162 pages :
_billustrations ;
_c22 cm.
336 _atext
337 _aunmediated
338 _avol.
490 0 _aOxford school Shakespeare
500 _aOriginally published: 1994.
504 _aIncludes bibliographical references (page 160).
600 0 0 _aLear,
_cKing of England (Legendary character)
_vDrama.
_95975
650 0 _aInheritance and succession
_vDrama.
_95976
650 0 _aFathers and daughters
_vDrama.
_95977
650 0 _aKings and rulers
_vDrama.
_95978
650 0 _aAging parents
_vDrama.
_95979
650 0 _aBritons
_vDrama.
_95980
700 1 _aGill, Roma.
_95948
906 _a7
_bcbc
_corignew
_d2
_encip
_f20
_gy-gencatlg
942 _2ddc
_cBOOK
_026